El secreto de una madre (Record no. 179922)

MARC details
000 -LEADER
campo de control de longitud fija 01325nam a2200253 i 4500
001 - NÚMERO DE CONTROL
campo de control 179922
003 - IDENTIFICADOR DE NÚMERO DE CONTROL
campo de control ES-MaACL
005 - FECHA Y HORA DE LA ÚLTIMA TRANSACCIÓN
campo de control 20251003185629.0
008 - DATOS DE LONGITUD FIJA--INFORMACIÓN GENERAL
campo de control de longitud fija 120229q1845 sp |||| | spa d
080 ## - NÚMERO DE LA CLASIFICACIÓN DECIMAL UNIVERSAL
Número de la Clasificación Decimal Universal 821.133.1-23"18"
100 1# - ENTRADA PRINCIPAL--NOMBRE DE PERSONA
Nombre de persona Alboise du Pujol, Jules-Édouard,
Fechas asociadas al nombre 1805-1854
9 (RLIN) 149483
245 13 - MENCIÓN DEL TÍTULO
Título El secreto de una madre
Resto del título : drama en tres actos y un prólogo /
Mención de responsabilidad, etc. escrito en francés por Alboise y P. Foucher ; (arreglado al teatro español por I. Gil).
260 ## - PUBLICACIÓN, DISTRIBUCIÓN, ETC.
Lugar de publicación, distribución, etc. Madrid :
Nombre del editor, distribuidor, etc. A. Hermoso,
Fecha de publicación, distribución, etc. [1845] (
Fabricante Imp. de Joaquín Merás y Cía.)
300 ## - DESCRIPCIÓN FÍSICA
Extensión 44 p. ;
Dimensiones 25 cm.
490 1# - MENCIÓN DE SERIE
Mención de serie Museo dramático o colección de comedias del teatro extranjero
500 ## - NOTA GENERAL
Nota general Representada por primera vez en Madrid en el Teatro del Príncipe el día 5 de agosto de 1843.
594 ## - Nota al título y mención de responsabilidad
Nota al título y mención de responsabilidad Tít. y autor tomados de principio de texto.
594 ## - Nota al título y mención de responsabilidad
Nota al título y mención de responsabilidad "Representada por primera vez en Madrid en el Teatro del Príncipe el día 5 de agosto de 1843"
700 1# - ENTRADA AGREGADA--NOMBRE PERSONAL
Nombre de persona Gil y Baus, Isidoro,
Fechas asociadas al nombre 1814-1866
9 (RLIN) 56736
700 1# - ENTRADA AGREGADA--NOMBRE PERSONAL
Nombre de persona Foucher, Paul (
Fechas asociadas al nombre 1810-1875)
9 (RLIN) 149484
830 10 - PUNTO DE ACCESO ADICIONAL DE SERIE-TÍTULO UNIFORME
Título uniforme Museo dramático ó Colección de comedias del teatro estranjero representadas en los principales teatros de la corte
9 (RLIN) 242030
852 ## - LOCALIZACIÓN
Ubicación ES-MaACL
Número de control de estantería F-7489(10)
Nota libre - Enc. hol, falto de port.
-- - Enc. en un vol. facticio
Holdings
Estatus retirado Estado de pérdida Estado de daño No para préstamo Colección Biblioteca de origen Biblioteca actual Ubicación en estantería Fecha de adquisición Fuente de adquisición Total de préstamos Signatura topográfica completa Código de barras Visto por última vez Precio de reemplazo Tipo de ítem Koha
        Libros del s. XIX Biblioteca del Ateneo de Madrid Biblioteca del Ateneo de Madrid Depósito 2 29/02/2012     F-7489(10) 1189018 23/02/2023 23/02/2023 Libro impreso antiguo